Fórum sociální politiky [odborný recenzovaný časopis]

Saved in:
Bibliographic Details
Format: Serial
Language:Czech
Published: Praha RILSA 2020
Subjects:
Tags: Add Tag
No Tags, Be the first to tag this record!

MARC

LEADER 00000nas2a2200000 4500
001 0303501
005 20240809103405.1
022 |a 1802-5854 
041 0 |a cze 
044 |a CZ 
245 1 0 |a Fórum sociální politiky  |b [odborný recenzovaný časopis] 
264 1 |a Praha  |b RILSA  |c 2020 
773 0 |w eu_un_cat*0159606 
610 2 0 |a politika sociálna 
610 2 0 |a služby sociálne 
610 2 0 |a politika zamestnanosti 
610 2 0 |a zabezpečenie sociálne